Hastings Law Journal : (ბიბ.ჩანაწერი № 62257)
[ მარტივი ფორმატი ]
| 000 -LEADER | |
|---|---|
| fixed length control field | 00484nam a22001697a 4500 |
| 005 - DATE AND TIME OF LATEST TRANSACTION | |
| control field | 20240906124410.0 |
| 008 - FIXED-LENGTH DATA ELEMENTS--GENERAL INFORMATION | |
| fixed length control field | 240906c2005 enk||||| |||| 00| 0 eng d |
| 022 ## - INTERNATIONAL STANDARD SERIAL NUMBER | |
| International Standard Serial Number | 0017 8322 |
| 041 ## - LANGUAGE CODE | |
| Language code of text/sound track or separate title | eng |
| 245 ## - TITLE STATEMENT | |
| Title | Hastings Law Journal : |
| Remainder of title | 2005 / |
| Statement of responsibility, etc. | Editor J. Stanley. |
| 260 ## - PUBLICATION, DISTRIBUTION, ETC. | |
| Place of publication, distribution, etc. | California, |
| Date of publication, distribution, etc. | 2005. |
| 300 ## - PHYSICAL DESCRIPTION | |
| Extent | V. |
| 653 ## - INDEX TERM--UNCONTROLLED | |
| Uncontrolled term | სამართალი |
| 653 ## - INDEX TERM--UNCONTROLLED | |
| Uncontrolled term | პერიოდიკა |
| 700 ## - ADDED ENTRY--PERSONAL NAME | |
| Personal name | Stanley, J. |
| Relator term | რედაქტორი |
| 9 (RLIN) | 23172 |
| 942 ## - ADDED ENTRY ELEMENTS (KOHA) | |
| Source of classification or shelving scheme | |
| Koha item type | პერიოდიკა |
| Withdrawn status | Lost status | Source of classification or shelving scheme | Damaged status | Not for loan | Permanent Location | Current Location | Shelving location | Date acquired | Serial Enumeration / chronology | Barcode | Date last seen | Copy number | Price effective from | Koha item type |
|---|---|---|---|---|---|---|---|---|---|---|---|---|---|---|
| ბათუმის შოთა რუსთაველის სახელმწიფო უნივერსიტეტის მთავარი ბიბლიოთეკა | ბათუმის შოთა რუსთაველის სახელმწიფო უნივერსიტეტის მთავარი ბიბლიოთეკა | წიგნსაცავი | 2024-09-06 | Vol. 56. # 6 June | 81290 | 2024-09-06 | 81290 | 2024-09-06 | პერიოდიკა | |||||
| ბათუმის შოთა რუსთაველის სახელმწიფო უნივერსიტეტის მთავარი ბიბლიოთეკა | ბათუმის შოთა რუსთაველის სახელმწიფო უნივერსიტეტის მთავარი ბიბლიოთეკა | წიგნსაცავი | 2024-09-06 | Vol. 56. # 5 may | 81289 | 2024-09-06 | 81289 | 2024-09-06 | პერიოდიკა | |||||
| ბათუმის შოთა რუსთაველის სახელმწიფო უნივერსიტეტის მთავარი ბიბლიოთეკა | ბათუმის შოთა რუსთაველის სახელმწიფო უნივერსიტეტის მთავარი ბიბლიოთეკა | წიგნსაცავი | 2024-09-06 | Vol. 57. # 7 December | 81288 | 2024-09-06 | 81288 | 2024-09-06 | პერიოდიკა | |||||
| ბათუმის შოთა რუსთაველის სახელმწიფო უნივერსიტეტის მთავარი ბიბლიოთეკა | ბათუმის შოთა რუსთაველის სახელმწიფო უნივერსიტეტის მთავარი ბიბლიოთეკა | წიგნსაცავი | 2024-09-06 | Vol. 57. # 1 November | 81287 | 2024-09-06 | 81287 | 2024-09-06 | პერიოდიკა |
